Rozpoznaj stolice po porozrzucanych literach - Statystyki

Ogólne statystyki
  • Ten quiz został rozwiązany 65 razy
    51 od ostatniego zresetowania
  • Średni wynik to 14 z 27
Statystyki odpowiedzi
Rozsypane litery Stolica % Poprawnych
KOTIO Tokio I Japonia
96%
JÓWKI Kijów I Ukraina
94%
ŃISKM Mińsk I Białoruś
91%
NEIKP Pekin I Chiny
89%
RSZAAAWW Warszawa I Polska
87%
WOSKAM Moskwa I Rosja
85%
GRZEBAZ Zagrzeb I Chorwacja
72%
NWAAHA Hawana I Kuba
70%
HLOMTOKSZ Sztokholm I Szwecja
68%
SYZNTNOGWA Waszyngton I Stany Zjednoczone
68%
CNBARREA Canberra I Australia
66%
PZAAL La Paz I Boliwia
60%
BOZLIAN Lizbona I Portugalia
47%
NŁABTOARU Ułan Bator I Mongolia
47%
LMPRUUKAAUL Kuala Lumpur I Malezja
45%
VDETMOONEI Montevideo I Urugwaj
40%
RENEHANT Teheran I Iran
38%
KRUSBLAE Bruksela I Belgia
36%
SKZNETAT Taszkent I Uzbekistan
34%
MADABLASI Islamabad I Pakistan
32%
RAIOREPT Pretoria I Republika Południowej Afryki
30%
DEJNAU Jaunde I Kamerun
23%
MYEANI Niamey I Niger
21%
TISANGOA Santiago I Chile
21%
GNILEWLNOT Wellington I Nowa Zelandia
19%
SASZNIKA Kinszasa I Demokratyczna Republika Konga
17%
BIROPRAAAM Paramaribo I Surinam
11%
Nie znaleziono quizów pasujących do podanych kryteriów
Rozkład punktacji
Procent ludzi z każdym wynikiem
Percentyl według liczby udzielonych odpowiedzi
Twoja historia wyników
Nie rozwiązałeś tego quizu od ostatniego zresetowania